R. Crumb: entrevistas y cómics

Saved in:
Bibliografiske detaljer
Hovedforfatter: Crumb, Robert Dennis (Author)
Format: Bog
Sprog:spansk
Udgivet: Madrid Gallo Nero 2014
Udgivelse:1a. ed
Serier:Gallographics, 8
Fag:
Tags: Tilføj Tag
Ingen Tags, Vær først til at tagge denne postø!

MARC

LEADER 00000cam a2200000 a 4500
001 UCE3763
003 CL-VaPUC
008 140925e20140000sp |||||||||||||||||spa|d
020 |a 9788494235702 
082 0 4 |a 741.5  |b CRU  |2 21 
100 0 |a Crumb, Robert Dennis  |e author  |9 576280 
245 1 0 |a R. Crumb: entrevistas y cómics 
250 |a 1a. ed 
300 |a 331 p 
942 |c BK 
945 |d 20140925 17:45:00  |a arojas 
260 |a Madrid  |b Gallo Nero  |c 2014 
650 0 |a Cómics  |9 369534 
650 0 |a Entrevistas  |9 265537 
650 0 |a Dibujos artísticos  |9 564831 
650 0 |a Arte moderno  |9 265333 
583 |a last modification  |c 20140925 17:45:00  |k Rodrigo Vera 
490 0 |a Gallographics, 8 
999 |c 356924  |d 356922 
952 |0 0  |1 0  |3 erb  |4 0  |6 741_500000000000000_CRU_2014  |7 0  |8 R  |9 464699  |a BIBART  |b BIBART  |i 5114810  |o 741.5 CRU 2014  |p 5114810  |r 2025-03-13  |w 2019-11-23  |y BK_R  |z Catalogado en:20140925  |k ART